Umrisse der EU-Mitgliedstaaten - Statistiken

Allgemein
  • Dieses Quiz wurde 58 mal gespielt
  • Das Durchschnittsergebnis liegt bei 21 aus 27
Antwortstatistiken
Bildquiz Antwort % Korrekt
Deutschland
100%
Frankreich
100%
Italien
100%
Griechenland
98%
Österreich
98%
Spanien
98%
Kroatien
96%
Portugal
94%
Schweden
89%
Dänemark
87%
Zypern
87%
Irland
85%
Niederlande
85%
Finnland
81%
Polen
81%
Estland
68%
Ungarn
68%
Malta
66%
Belgien
64%
Tschechien
64%
Bulgarien
62%
Rumänien
57%
Slowenien
57%
Lettland
53%
Slowakei
53%
Litauen
51%
Luxemburg
49%
Keine übereinstimmenden Quizze gefunden
Verteilung der Resultate
Anzahl Personen mit jedem Resultat
Perzentil nach korrekt beantworteten Fragen
Ihre Resultats-Entwicklung
Sie haben dieses Quiz noch nicht gespielt